000 00755cam a2200229 a 4500
001 000017982
003 DO-SdBNP
005 20240626153418.0
008 720720s1965 xxu r 000 0 eng d
040 _aDO-SdBNP
_bspa
_cBNPHU
082 _axxxx
_bxxxx
100 1 _aBoorstin, Daniel J.
_q(Daniel Joseph),
_d1914-2004.
_931969
245 1 4 _aThe Americans :
_bthe national experience /
_cDaniel J. Boorstin.
260 _aNew York, :
_bRandom House,
_c1965.
300 _a517 p. ;
_c24 cm.
490 1 _aThe americans
_v2
500 _aIncluyeye referencias bibliográficas, notas al pie de las páginas e indices
504 _aBibliografía : p. 433-495.
590 _aInventariado, 2019/BT
830 4 _aThe americans
_n2
_938986
942 _2ddc
_cLBS1
999 _c17504
_d17504